Central Library and Information Centre
Sibsagar Girls' College, Sivasagar : Assam

CONSTITUTIONAL DEVELOPMENT OF INDIA AND NATIONAL MOVEMENT (Record no. 2848)

MARC details
000 -LEADER
fixed length control field 00431cam a2200169ua 4500
008 - FIXED-LENGTH DATA ELEMENTS--GENERAL INFORMATION
fixed length control field 190506n II |||gr||||Z||||||eng
040 ## - CATALOGING SOURCE
Original cataloging agency MAIN
041 ## - LANGUAGE CODE
-- English
082 ## - DEWEY DECIMAL CLASSIFICATION NUMBER
Classification number 342.0254 AGA
100 ## - MAIN ENTRY--PERSONAL NAME
Personal name AGARWAL.
245 ## - TITLE STATEMENT
Title CONSTITUTIONAL DEVELOPMENT OF INDIA AND NATIONAL MOVEMENT
260 ## - PUBLICATION, DISTRIBUTION, ETC.
Place of publication, distribution, etc. NEW DELHI
Name of publisher, distributor, etc. S.CHAND & COMPANY
Date of publication, distribution, etc. 1986.
300 ## - PHYSICAL DESCRIPTION
Extent 540:
Dimensions 24CM.
942 ## - ADDED ENTRY ELEMENTS (KOHA)
Koha item type Books
653 ## - INDEX TERM--UNCONTROLLED
Uncontrolled term CONSTITUTION OF INDIA
Holdings
Withdrawn status Lost status Damaged status Not for loan Collection code Home library Current library Shelving location Date acquired Full call number Barcode Date last seen Copy number Price effective from Koha item type
        TBPSC Central Library and Information Centre Sibsagar Girls College Central Library and Information Centre Sibsagar Girls College Political Science Rack 07.03.1985 342.0254 AGA 11053 27.02.2020 1 27.02.2020 Books
        TBPSC Central Library and Information Centre Sibsagar Girls College Central Library and Information Centre Sibsagar Girls College Political Science Rack 07.03.1985 342.0254 AGA 11054 27.02.2020 2 27.02.2020 Books


Sibsagar Girl's College © 2020. All rights reserved.
Powered by Koha.
Maintained by Abhijit Borpuzari.